| 000 | 01139 a2200241 4500 | ||
|---|---|---|---|
| 001 | 25114 | ||
| 005 | 20260407155534.0 | ||
| 008 | 260407a1964 arg spa d | ||
| 003 | AR-UNSa-BCEJYS | ||
| 040 |
_aAR-UNSa-BCEJYS _bspa _cAR-UNSa-BCEJYS |
||
| 080 |
_a519.2 _xProbabilidades y estadística matemática |
||
| 245 | 1 | 0 | _aEstadística elemental |
| 250 | _a2a. ed. | ||
| 264 | 1 |
_aMéxico : _bCECSA (Compañia Editorial Continental) _c1964 |
|
| 300 |
_a400 p. _c23 cm. |
||
| 505 | _a1.Naturaleza de los métodos estadísticos – 2.Descripcion de datos de muestras – 3.Probabilidad – 4.Distribucones teóricas de frecuencias – 5.Muestreo – 6.Estimacion – 7.Pruebas de hipótesis – 8.Correlaciones – 9.Regresiones – 10.Distribuciones de chi-cuadradas – 11.Pruebas no paramétricas – 12.Analisis de variancia – 13.Series cronológicas y números índices. | ||
| 041 | _aspa | ||
| 942 | _cBK | ||
| 590 | _aniveau_biblio:m niveau_hierar:0 | ||
| 100 | 1 | _aHoel, Paul G. | |
| 700 | 1 | _aMeneses Molina, Cecilia | |
| 856 | 4 | 1 |
_uhttps://biblioeco.unsa.edu.ar/pmb/images/libros/L128621.jpg _yImagen de portada _qimage/jpeg |
| 999 |
_c1287 _d1287 |
||